| 000 | 00988cam a2200217 4500 | ||
|---|---|---|---|
| 001 | WB3933-15 | ||
| 008 | 030904n2003 000 0 eng u | ||
| 035 | _a(Sirsi) u123494 | ||
| 245 | _aAvoid a VAT penalty | ||
| 260 | _c2003 | ||
| 490 |
_aRICS News Service _v 3 September 2003 (1) |
||
| 520 | _aBusinesses with a taxable turnover in excess of £56 000 have just four weeks left to voluntarily register for VAT to avoid having to pay a penalty. http://www.rics.org/ricscms/bin/show?class=News&template=/includes/shownews.html&id=6877. HM Customs and Excise press release, http://www.gnn.gov.uk/gnn/national.nsf/Daily+News/7C9851F0EB4D5ECF80256D95004B29EB?opendocument. HM Customs web pages on VAT registration http://www.hmce.gov.uk/business/vat/vatregist.htm. | ||
| 590 | _aWB | ||
| 650 | _aVAT REGISTRATION | ||
| 650 | _aHM CUSTOMS AND EXCISE | ||
| 650 | _aPENALTY CHARGES | ||
| 650 | _aBUSINESSES | ||
| 650 | _aVOLUNTARY REGISTRATION | ||
| 690 | _aTAXATION | ||
| 942 | _n0 | ||
| 999 |
_c73352 _d73352 |
||